000 00923nam a2200277 a 4500
001 BRL_170
005 20190320210622.0
008 740513s1973####mx-a######---#000-0#spa-#
041 _aspa
044 _amx
050 4 _aF1221.T9
_b.V64 1973
100 1 _aVogt, Evon Zartman,
_d1918-
_923101
245 1 0 _aLos zinacantecos
_bun grupo maya en el siglo XX
_cEvon Z. Vogt ; traducción Carmen Viqueira.
260 _aMéxico
_bSEP
_c1973
300 _a175 p.
_bil.
_c17 cm.
440 0 _aSepsetentas
_v69
_922717
500 _aAu2016
500 _aTraducción de: The Zinacantecos of Mexico, a modern Maya way of life.
504 _aBibliografía: p. 170-173
650 1 4 _aTzotziles
_xVida social y costumbres
_923102
650 1 4 _aTzotziles
_xaspectos económicos
_923103
651 4 _aZinacantán (México)
_xVida social y costumbres
_923104
700 1 _aViqueira, Carmen
_etr.
_923105
902 _aGRL
942 _2lcc
_cB
999 _c8983
_d8983